|
|
|
|
| LEADER |
00000cam a2200000 i 4500 |
| 001 |
1/31621 |
| 008 |
060628s2004 gre d |
| 020 |
|
|
|a 960-86125-3-5
|
| 035 |
|
|
|l 10084457
|
| 040 |
|
|
|a GR-MY-UA
|b gre
|e aacr
|
| 041 |
0 |
|
|a gre
|
| 082 |
0 |
|
|a 016.093912
|2 (22)
|
| 100 |
1 |
|
|a Μίσσιος, Κώστας Γ.,
|d 1938-
|
| 245 |
1 |
0 |
|a Μεταγλωττισμένα έργα των εκ Λέσβου λογίων, λογοτεχνών και άλλων, από το 1514 έως το 1999 εξαυτοψίας καταγραφέντα /
|c Κώστας Γ. Μίσσιος
|
| 260 |
|
|
|a Μυτιλήνη :
|b [χ.ε.],
|c 2004
|
| 300 |
|
|
|a 103 σ.;
|c 25 εκ.
|
| 504 |
|
|
|a Περιέχει ευρετήριο
|
| 650 |
0 |
0 |
|a Greek literature, Modern
|x Bibliography.
|
| 650 |
0 |
0 |
|a Authors, Greek
|z Greece
|z Lesbos (Municipality)
|x Bibliography.
|
| 852 |
|
|
|a INST
|b LESVOS
|e 20060628
|h 016.093912 ΜΙΣ
|p 005100037177
|q 005100037177
|t BK
|y 0
|
| 901 |
|
|
|a BIBL1-2006-2
|
| 970 |
|
|
|a ΚΑΡΑ
|b ΓΙΑΣΕΜΗ
|z 2006/06/28
|